Aap Angrezi bol saktay hain (Record no. 324940)

000 -LEADER
fixed length control field 00312 a2200133 4500
001 - CONTROL NUMBER
control field 89867
003 - CONTROL NUMBER IDENTIFIER
control field NUST
082 ## - DEWEY DECIMAL CLASSIFICATION NUMBER
Classification number 428.007 ATT
100 ## - MAIN ENTRY--PERSONAL NAME
Personal name Attique
9 (RLIN) 9878
245 ## - TITLE STATEMENT
Title Aap Angrezi bol saktay hain
260 ## - PUBLICATION, DISTRIBUTION, ETC.
Place of publication, distribution, etc. Rawalpindi
Name of publisher, distributor, etc. Romail House
Date of publication, distribution, etc. 2014
300 ## - PHYSICAL DESCRIPTION
Extent 191p.
500 ## - GENERAL NOTE
General note General Books
942 ## - ADDED ENTRY ELEMENTS (KOHA)
Institution code [OBSOLETE] CAE NUST
Koha item type Book
Call number prefix 428.007 ATT
Source of classification or shelving scheme
Holdings
Withdrawn status Lost status Damaged status Not for loan Collection code Permanent Location Current Location Date acquired Total Checkouts Full call number Barcode Date last seen Price effective from Koha item type
          College of Aeronautical Engineering (CAE) College of Aeronautical Engineering (CAE) 04/03/2017   428.007 ATT CAE86680 04/05/2017 04/05/2017 Book
© 2023 Central Library, National University of Sciences and Technology. All Rights Reserved.